000 00601nam a2200229Ia 4500
003 OSt
005 20221007071850.0
006 a|||||r|||| 00| 0
007 ta
008 221006b |||||||| |||| 00| 0 eng d
024 _a18,758
037 _cTextual
040 _aFLL
_cFLL
_beng
041 _2eng
_aeng
082 _aZ1,145, L9
100 _aBooth L.G. Au.
_9689585
245 0 _aSatow's guide to diplomatic practice
260 _aLondon
_bLongman England
_c1979
300 _a544p
_ccm.
942 _hZ1,145, L9
_cTEXL
_2CC
999 _c1144519
_d1144519